|
|
|
|
| LEADER |
01211nam a2200301 u 4500 |
| 001 |
10016716 |
| 003 |
upatras |
| 005 |
20210117205017.0 |
| 008 |
881025s1993 ne eng |
| 020 |
|
|
|a 0792321936
|
| 040 |
|
|
|a GR-PaULI
|c GR-PaULI
|
| 041 |
0 |
|
|a eng
|
| 082 |
0 |
4 |
|a 515.73
|
| 100 |
1 |
|
|a Egorov, I︠U︡. V.
|q (I︠U︡riĭ Vladimirovich)
|9 125207
|
| 245 |
1 |
0 |
|a Functional integrals
|b approximate evaluation and applications
|c A. D. Egorov, P. I. Sobolevsky, L. A. Yanovich
|
| 260 |
|
|
|a Dordrecht
|b Kluwer Academic Publishers
|c 1993
|
| 300 |
|
|
|a x, 418 p.
|c 25 cm
|
| 490 |
0 |
|
|a Mathematics and its applications
|
| 505 |
1 |
|
|a Includes bibliography and index
|
| 650 |
|
4 |
|a Μαθηματικά
|x Τοπολογία
|9 35408
|
| 650 |
|
4 |
|a Τοπολογικοί χώροι
|9 1010
|
| 700 |
1 |
|
|a Sobolevsky, P. I.
|9 138199
|
| 700 |
1 |
|
|a Yanovich, L. A.
|9 138200
|
| 760 |
1 |
|
|a Mathematics and its applications
|
| 852 |
|
|
|a GR-PaULI
|b ΠΑΤΡΑ
|b ΒΚΠ
|b ΒΣ1
|k ΑΣΧΞ
|h 515.73 E
|m 35567
|p 025000055290
|t 1
|
| 942 |
|
|
|2 ddc
|c BK15
|
| 952 |
|
|
|0 0
|1 0
|4 0
|6 515_730000000000000_E
|7 0
|9 165882
|a LISP
|b LISP
|c BSC
|d 2016-04-24
|i 35567
|l 0
|o 515.73 E
|p 025000055290
|r 2016-04-24 00:00:00
|t 1
|w 2016-04-24
|y BK15
|
| 999 |
|
|
|c 103923
|d 103923
|